000 00613nam a22001697a 4500
999 _c26755
_d26755
003 BDDh-ASL
005 20231015030700.0
008 211018s1913 ii ||||| |||| 00| 0 u d
040 _aBDDh-ASL
_cBDDh-ASL
082 _a297.3
_bALI
100 1 _95148
_aAli, Maulavi Sher
245 1 0 _aIsai Mazhab Ka Photo : / عيسا‏‏ئی مذہب کا فوٹو
260 _aQadian :
_bIslamia Steam Press ,
_c1913.
300 _a28 p. :
_c21 cm.
650 0 _aReligion, ধর্ম, Dharma, faith, creed, law, worship, property, আস্তিকতা, দীন
_x Comparative Religion
_92606
942 _2ddc
_cBK